Online
Catalog

Este extraño nuevo mundo : (Record no. 11226)

MARC details
000 -CABECERA
campo de control de longitud fija 01092nam a2200253 a 4500
001 - NÚMERO DE CONTROL
campo de control 000011530
005 - FECHA Y HORA DE LA ÚLTIMA TRANSACCIÓN
campo de control 20200929162500.0
008 - DATOS DE LONGITUD FIJA--INFORMACIÓN GENERAL
campo de control de longitud fija 091019s1966 mx a 001 0 spa
040 ## - FUENTE DE LA CATALOGACIÓN
Centro catalogador/agencia de origen DO-SdBNP
Lengua de catalogación spa
Centro/agencia transcriptor BNPHU
082 ## - NÚMERO DE LA CLASIFICACIÓN DECIMAL DEWEY
Número de clasificación 917.3
Número de documento/Ítem J76e
049 ## - FONDOS LOCALES (OCLC)
Fondos de biblioteca BNGR
100 1# - ENTRADA PRINCIPAL--NOMBRE DE PERSONA
Nombre de persona Jones, Howard Mumford,
Fechas asociadas al nombre 1892-1980
9 (RLIN) 27280
240 12 - TÍTULO UNIFORME
Título uniforme O strange new world,
Fecha de la firma de un tratado 1964,
245 10 - MENCIÓN DE TÍTULO
Título Este extraño nuevo mundo :
Resto del título años formativos de la cultura norteamericana /
Mención de responsabilidad, etc. Howard Mumford Jones ; traductor Andrés M. Mateo.
260 ## - PUBLICACIÓN, DISTRIBUCIÓN, ETC.
Lugar de publicación, distribución, etc. México, D. F. :
Nombre del editor, distribuidor, etc. Unión Tipográfica Editorial Hispano Americana,
Fecha de publicación, distribución, etc. 1966.
300 ## - DESCRIPCIÓN FÍSICA
Extensión 376 p. :
Otras características físicas il. ;
Dimensiones 23 cm.
490 1# - MENCIÓN DE SERIE
Mención de serie Biblioteca Uteha de Historia
500 ## - NOTA GENERAL
Nota general Incluye índice alfabético: p. 361-376.
504 ## - NOTA DE BIBLIOGRAFÍA, ETC.
Nota de bibliografía, etc. Incluye referencias bibliográficas y notas al pie de las páginas.
534 ## - NOTA SOBRE LA VERSIÓN ORIGINAL
Frase introductoria Título original en inglés:
Mención de título del original O strange new world
Publicación, distribución, etc. del original Nueva York : The Viking Press, 1964.
650 #4 - PUNTO DE ACCESO ADICIONAL DE MATERIA--TÉRMINO DE MATERIA
Término de materia o nombre geográfico como elemento de entrada Estados unidos
Subdivisión general Civilización
Subdivisión cronológica HASTA 1783
9 (RLIN) 27281
650 #4 - PUNTO DE ACCESO ADICIONAL DE MATERIA--TÉRMINO DE MATERIA
Término de materia o nombre geográfico como elemento de entrada Estados unidos
Subdivisión general Civilización
Subdivisión cronológica 1783-1865
9 (RLIN) 27282
830 #0 - PUNTO DE ACCESO ADICIONAL DE SERIE-TÍTULO UNIFORME
Título uniforme Biblioteca Uteha de Historia
9 (RLIN) 27283
Holdings
Estado de retiro Estado de pérdida Restricciones de uso No para préstamo Código de colección Localización permanente Ubicación/localización actual Ubicación en estantería Fecha de adquisición Número de inventario Total de préstamos Signatura topográfica completa Código de barras Fecha visto por última vez Precio válido a partir de Tipo de ítem Koha
    Préstamo interno   Monografías: Libros y Folletos General General En catalogación 19.10.2009 LF1   917.3 J76e 11530-10 25.06.2020 25.06.2020 Préstamo interno
        Monografías: Libros y Folletos Patrimonio Dominicano Patrimonio Dominicano Orden iniciada 29.03.2017 LF1   917.3 J76e 11530-20 25.06.2020 25.06.2020 No se presta

Powered by Koha